000 00587nam a2200205Ii 4500
003 JO-AjNU
008 230606s9999||||xx |||||||||||||| ||und||
040 _aJO-AjNU
_beng
_erda
_cJO-AjNU
041 _aeng
050 1 4 _aPE1479 2005
100 3 _aتاليف Allen,Robert,
_eauthor
_92106
245 0 0 _aHow to Write Better English
250 _a1 ed
264 3 1 _aEngland: Penguin Books, 2005
300 _a320p
336 _atext
_btxt
_2rdacontent
337 _aunmediated
_bn
_2rdamedia
338 _avolume
_bnc
_2rdacarrier
650 4 _aHowto Write Better English-Language
_92107
999 _aE1106
_c1106
_d1106